| 000 | 00387cam a2200169ua 4500 | ||
|---|---|---|---|
| 020 | _c0.75 | ||
| 041 |
_amal _h |
||
| 082 |
_a335.45 _bLEN/BH |
||
| 100 | _aLenin, V I . | ||
| 245 |
_aBharanakoodam / _cV I Lenin. _hTextual Documents |
||
| 260 |
_aThrissur : _bCurrent Books , _c1965. |
||
| 300 | _a44 ; . | ||
| 365 | _a0.75 | ||
| 504 | _a | ||
| 942 | _cBK | ||
| 999 |
_c6133 _d6133 |
||